[Event "Aeroflot Open 2015"]
[Site "Moscú RUS"]
[Date "2015.04.03"]
[Round "8.24"]
[White "Vishnu, Prasanna. V"]
[Black "Bogdanovich, Stanislav"]
[Result "1/2-1/2"]
[WhiteElo "2477"]
[BlackElo "2581"]
[PlyCount "186"]
[EventDate "2015.03.27"]
[EventType "swiss"]
[EventRounds "9"]
[EventCountry "RUS"]
[Source "lmi"]
[SourceDate "2015.03.27"]

1. d4 d5 2. c4 e6 3. Nf3 Nf6 4. Nc3 dxc4 5. e4 Bb4 6. Bg5 c5 7. Bxc4 cxd4 8.
Nxd4 Bxc3+ 9. bxc3 Qa5 10. Bb5+ Nbd7 11. Bxf6 Qxc3+ 12. Kf1 gxf6 13. h4 a6 14.
Rh3 Qb4 15. Be2 Ne5 16. h5 Qd6 17. Rc3 Bd7 18. Rb1 b5 19. a4 b4 20. Rcc1 Rd8
21. Nb3 Qxd1+ 22. Rxd1 Bc6 23. Rd4 Rxd4 24. Nxd4 Bxe4 25. Rxb4 Ke7 26. Bxa6 Ra8
27. Be2 Bd5 28. f3 Kd6 29. Nb5+ Kc5 30. Rf4 Bc6 31. g4 Nd7 32. Nc3 Nb6 33. Rxf6
Kd4 34. Nd1 Be8 35. Rf4+ Ke5 36. Re4+ Kd6 37. Nc3 Bxa4 38. Rb4 Kc5 39. Nxa4+
Nxa4 40. Rf4 Ra7 41. Bd3 h6 42. Kf2 Kd6 43. Kg3 Nc5 44. Bh7 Ke5 45. Rc4 Nd7 46.
f4+ Kf6 47. Kh4 Nb6 48. Rd4 Nd5 49. Bc2 Ra5 50. g5+ Kg7 51. Bb3 Ne3 52. Rd7
hxg5+ 53. fxg5 Re5 54. Kg3 Rxg5+ 55. Kf4 Rg4+ 56. Kf3 Kf6 57. Bxe6 Kxe6 58. Ra7
Rh4 59. Ra6+ Ke7 60. Kxe3 Rxh5 61. Ke4 Rb5 62. Rc6 Kf8 63. Kf4 Kg7 64. Ra6 Rb4+
65. Kf5 Rb1 66. Rc6 Rf1+ 67. Kg5 Ra1 68. Rb6 f6+ 69. Kf5 Ra5+ 70. Kf4 Kg6 71.
Rb4 Ra1 72. Kg4 Ra8 73. Rc4 Rh8 74. Rc6 Rh1 75. Ra6 Kg7 76. Ra7+ Kg6 77. Ra6
Rb1 78. Ra4 Rg1+ 79. Kf4 Kh5 80. Kf5 Rf1+ 81. Rf4 Rxf4+ 82. Kxf4 Kg6 83. Kg4
f5+ 84. Kf4 Kf6 85. Kf3 Ke5 86. Ke3 f4+ 87. Kf3 Kf5 88. Kf2 Ke4 89. Ke2 f3+ 90.
Kf2 Kf4 91. Kf1 Ke3 92. Ke1 f2+ 93. Kf1 Kf3 1/2-1/2

[Event "Aeroflot Open 2015"]
[Site "Moscú RUS"]
[Date "2015.04.03"]
[Round "8.25"]
[White "Asgarizadeh, Ahmad"]
[Black "Esen, Baris"]
[Result "1/2-1/2"]
[WhiteElo "2412"]
[BlackElo "2571"]
[PlyCount "66"]
[EventDate "2015.03.27"]
[EventType "swiss"]
[EventRounds "9"]
[EventCountry "RUS"]
[Source "lmi"]
[SourceDate "2015.03.27"]

1. e4 c5 2. Nf3 d6 3. d4 cxd4 4. Nxd4 Nf6 5. Nc3 a6 6. Be3 e5 7. Nf3 Qc7 8. a4
Be7 9. a5 O-O 10. Be2 Nc6 11. Bb6 Qd7 12. Nd2 d5 13. exd5 Nxd5 14. Nxd5 Qxd5
15. O-O Qe6 16. c3 Qg6 17. Re1 f5 18. Bc4+ Kh8 19. Bd5 Bd7 20. Nc4 Bf6 21. Bc5
Rfd8 22. Nd6 Be8 23. Qb3 Be7 24. Nxe8 Bxc5 25. Nc7 e4 26. Ne6 Ne5 27. Nxc5 Nf3+
28. Kh1 Nxe1 29. Rxe1 Qd6 30. Bxb7 Qxc5 31. Bxa8 Qxf2 32. Rd1 Rxa8 33. Qb6 Qh4
1/2-1/2

[Event "Aeroflot Open 2015"]
[Site "Moscú RUS"]
[Date "2015.04.03"]
[Round "8.26"]
[White "Sanal, Vahap"]
[Black "Yilmaz, Mustafa"]
[Result "1-0"]
[WhiteElo "2487"]
[BlackElo "2570"]
[PlyCount "83"]
[EventDate "2015.03.27"]
[EventType "swiss"]
[EventRounds "9"]
[EventCountry "RUS"]
[Source "lmi"]
[SourceDate "2015.03.27"]

1. e4 g6 2. d4 Bg7 3. Nf3 d6 4. Bd3 Nf6 5. c3 O-O 6. O-O Nc6 7. Be3 e5 8. Nbd2
h6 9. h3 Nd7 10. dxe5 dxe5 11. Qc2 a5 12. a4 Qe7 13. Nb3 b6 14. Rfd1 Bb7 15.
Nfd2 Kh8 16. Nf1 Nd8 17. Bb5 Nf6 18. Ng3 Ne6 19. Nd2 Rad8 20. Nf3 Nc5 21. Nd2
Ne6 22. Nf3 Nc5 23. Nd2 h5 24. Bg5 Ne6 25. Bh4 Bh6 26. Nf3 Rxd1+ 27. Rxd1 g5
28. Nf5 Qc5 29. Re1 gxh4 30. Nxh6 Bc8 31. Nxh4 Nf4 32. Kh2 Be6 33. Bf1 Rd8 34.
N6f5 Kg8 35. Ne3 Qc6 36. g3 Nxe4 37. Nef5 Bxf5 38. Nxf5 Rd2 39. Qxe4 Rxf2+ 40.
Kg1 Qc5 41. Ne3 f5 42. Qc4+ 1-0

[Event "Aeroflot Open 2015"]
[Site "Moscú RUS"]
[Date "2015.04.03"]
[Round "8.27"]
[White "Oparin, Grigoriy"]
[Black "Swayams, Mishra"]
[Result "1-0"]
[WhiteElo "2562"]
[BlackElo "2440"]
[PlyCount "95"]
[EventDate "2015.03.27"]
[EventType "swiss"]
[EventRounds "9"]
[EventCountry "RUS"]
[Source "lmi"]
[SourceDate "2015.03.27"]

1. e4 e6 2. d4 d5 3. Nc3 Nf6 4. Bg5 Bb4 5. e5 h6 6. Bc1 Ne4 7. Qg4 g6 8. Nge2
c5 9. a3 Bxc3+ 10. Nxc3 Nxc3 11. bxc3 Qa5 12. Bd2 Qa4 13. Qf3 c4 14. Qd1 Nc6
15. h4 Bd7 16. h5 g5 17. f4 gxf4 18. Bxf4 O-O-O 19. Qd2 Qa5 20. Be2 Rh7 21. Qe3
Ne7 22. g4 Ba4 23. Kd2 Rdh8 24. Rhf1 Kb8 25. Bg3 Rc8 26. Bh4 Ng8 27. g5 hxg5
28. Bxg5 Qc7 29. h6 Ne7 30. Bh5 Nf5 31. Rxf5 exf5 32. Bf4 Ka8 33. e6 Qe7 34.
exf7 Qh4 35. Rg1 Qxh5 36. Rg8 Rh8 37. Rxh8 Rxh8 38. Qe7 b6 39. h7 Qxh7 40.
f8=Q+ Rxf8 41. Qxh7 Bc6 42. Bd6 Rc8 43. Qxf5 Kb7 44. Qf7+ Ka6 45. Be5 Re8 46.
Qc7 Ba8 47. Qd7 Rg8 48. a4 1-0

[Event "Aeroflot Open 2015"]
[Site "Moscú RUS"]
[Date "2015.04.03"]
[Round "8.28"]
[White "Stupak, Kirill"]
[Black "Gundavaa, Bayarsaikhan"]
[Result "1/2-1/2"]
[WhiteElo "2567"]
[BlackElo "2505"]
[PlyCount "89"]
[EventDate "2015.03.27"]
[EventType "swiss"]
[EventRounds "9"]
[EventCountry "RUS"]
[Source "lmi"]
[SourceDate "2015.03.27"]

1. d4 f5 2. g3 Nf6 3. Bg2 e6 4. Nf3 Be7 5. O-O O-O 6. c4 d6 7. b4 Ne4 8. Bb2 a5
9. b5 a4 10. Nfd2 d5 11. c5 Qe8 12. Nxe4 fxe4 13. Nc3 Bd7 14. Bh3 a3 15. Bc1 c6
16. bxc6 bxc6 17. Bg2 e5 18. dxe5 Be6 19. f4 Nd7 20. Be3 Qd8 21. Rc1 Qa5 22.
Nb1 Rab8 23. Nd2 Bxc5 24. Bxc5 Nxc5 25. Qc2 Rb2 26. Qxc5 Qxc5+ 27. Rxc5 Rxd2
28. Rxc6 Bg4 29. Ra1 Rxe2 30. h3 Bf3 31. Bxf3 exf3 32. e6 Rb8 33. Rc3 Rg2+ 34.
Kf1 Rxg3 35. Kf2 Rxh3 36. Rb1 Re8 37. Rc7 g6 38. Rbb7 d4 39. Rg7+ Kh8 40. Rgd7
Kg8 41. Rxd4 Kf8 42. Rf7+ Kg8 43. Rb7 Kf8 44. Rf7+ Kg8 45. Rb7 1/2-1/2

[Event "Aeroflot Open 2015"]
[Site "Moscú RUS"]
[Date "2015.04.03"]
[Round "8.29"]
[White "Savchenko, Boris"]
[Black "Tran, Tuan Minh"]
[Result "1-0"]
[WhiteElo "2581"]
[BlackElo "2455"]
[PlyCount "113"]
[EventDate "2015.03.27"]
[EventType "swiss"]
[EventRounds "9"]
[EventCountry "RUS"]
[Source "lmi"]
[SourceDate "2015.03.27"]

1. e4 c5 2. Nf3 d6 3. c3 Nf6 4. Bd3 Nc6 5. O-O Bg4 6. h3 Bxf3 7. Qxf3 g6 8. Rd1
Bg7 9. Na3 O-O 10. Bf1 Nd7 11. Qe3 Rc8 12. d4 cxd4 13. cxd4 a6 14. Nc2 Qb6 15.
Rb1 Rc7 16. b3 Rfc8 17. Bb2 Qa7 18. Rd2 b5 19. Be2 Nd8 20. Ne1 Qb6 21. a3 Nc6
22. Rbd1 a5 23. Kf1 b4 24. a4 e6 25. g3 Nf6 26. Rc2 d5 27. e5 Ne4 28. Rdc1 Ne7
29. Rxc7 Rxc7 30. Rxc7 Qxc7 31. Qc1 Qxc1 32. Bxc1 f6 33. exf6 Bxf6 34. Nc2 Nf5
35. Bg4 h5 36. Bxf5 gxf5 37. Bf4 Kf7 38. f3 Ng5 39. Ke2 Nxh3 40. Bc7 f4 41.
gxf4 Ke8 42. Kf1 Kd7 43. Bxa5 Nxf4 44. Bxb4 h4 45. Be1 Nd3 46. Bd2 Kc6 47. Kg2
Kb7 48. f4 Kc6 49. Ne1 Nxe1+ 50. Bxe1 Bxd4 51. Bxh4 Bc3 52. Kf3 Kc5 53. Be7+
Kd4 54. Ke2 Ke4 55. b4 e5 56. a5 exf4 57. a6 1-0

[Event "Aeroflot Open 2015"]
[Site "Moscú RUS"]
[Date "2015.04.03"]
[Round "8.30"]
[White "Kotronias, Vasilios"]
[Black "Kuderinov, Kirill"]
[Result "1/2-1/2"]
[WhiteElo "2565"]
[BlackElo "2465"]
[PlyCount "90"]
[EventDate "2015.03.27"]
[EventType "swiss"]
[EventRounds "9"]
[EventCountry "RUS"]
[Source "lmi"]
[SourceDate "2015.03.27"]

1. e4 c5 2. Nf3 d6 3. d4 cxd4 4. Nxd4 Nf6 5. Nc3 g6 6. Be3 Bg7 7. f3 O-O 8. Qd2
Nc6 9. g4 Nxd4 10. Bxd4 Be6 11. h4 Qa5 12. h5 Rfc8 13. a3 Rab8 14. Bd3 b5 15.
b4 Qd8 16. hxg6 fxg6 17. Nxb5 a6 18. Nc3 Qf8 19. Qh2 Bc4 20. e5 dxe5 21. Bxe5
Rb6 22. Ne4 Bxd3 23. cxd3 h6 24. Qa2+ Qf7 25. Qxf7+ Kxf7 26. O-O Rb5 27. Bxf6
Bxf6 28. Nxf6 Kxf6 29. Rac1 Rd8 30. Rc6+ Rd6 31. Rxd6+ exd6 32. Rb1 a5 33. Kf2
h5 34. Ke3 Ke6 35. Kd4 axb4 36. axb4 Kd7 37. Ke3 Re5+ 38. Kf2 Rd5 39. Rb3 hxg4
40. fxg4 Rd4 41. Kf3 Kc6 42. b5+ Kb6 43. Kg3 g5 44. Kf3 Rf4+ 45. Kg3 Rd4
1/2-1/2

[Event "Aeroflot Open 2015"]
[Site "Moscú RUS"]
[Date "2015.04.03"]
[Round "8.31"]
[White "Predke, Alexandr"]
[Black "Kovalevskaya, Ekaterina"]
[Result "0-1"]
[WhiteElo "2530"]
[BlackElo "2438"]
[PlyCount "66"]
[EventDate "2015.03.27"]
[EventType "swiss"]
[EventRounds "9"]
[EventCountry "RUS"]
[Source "lmi"]
[SourceDate "2015.03.27"]

1. e4 c5 2. Nf3 Nc6 3. Nc3 d6 4. d4 cxd4 5. Nxd4 Nf6 6. Bg5 e6 7. Be2 Be7 8.
O-O O-O 9. a4 h6 10. Be3 e5 11. Nb3 Be6 12. Bf3 Nb4 13. Qe2 Qc8 14. Rfd1 Rd8
15. Rac1 Bc4 16. Qd2 d5 17. exd5 Nfxd5 18. Nxd5 Nxd5 19. Bxd5 Bxd5 20. Qa5 Bxg2
21. Rxd8+ Bxd8 22. Qxe5 Bc7 23. Qh5 Be4 24. Nc5 Bg6 25. Qf3 b6 26. Ne4 Qe8 27.
Ng3 Rd8 28. a5 bxa5 29. Bxa7 h5 30. b3 h4 31. Nf1 Qe6 32. Be3 Be4 33. Qh5 Qh3
0-1

[Event "Aeroflot Open 2015"]
[Site "Moscú RUS"]
[Date "2015.04.03"]
[Round "8.33"]
[White "Sandipan, Chanda"]
[Black "Ankit, R. Rajpara"]
[Result "1-0"]
[WhiteElo "2569"]
[BlackElo "2477"]
[PlyCount "87"]
[EventDate "2015.03.27"]
[EventType "swiss"]
[EventRounds "9"]
[EventCountry "RUS"]
[Source "lmi"]
[SourceDate "2015.03.27"]

1. e4 c6 2. Nf3 d5 3. Nc3 Bg4 4. h3 Bxf3 5. Qxf3 e6 6. d3 Bb4 7. Bd2 d4 8. Nb1
Bxd2+ 9. Nxd2 Ne7 10. Qh5 Ng6 11. g3 Qb6 12. Rb1 Nd7 13. h4 Qc5 14. Qd1 h6 15.
Bh3 Nf6 16. O-O e5 17. b4 Qe7 18. b5 c5 19. Nc4 Nf8 20. a4 N8d7 21. a5 O-O 22.
f4 g6 23. Qf3 Kg7 24. Rf2 exf4 25. gxf4 h5 26. e5 Ng4 27. Bxg4 hxg4 28. Qxg4
Rh8 29. Nd6 Kf8 30. Rh2 Rb8 31. Rf1 Nf6 32. Qg2 Ne8 33. f5 gxf5 34. Nxf5 Qxe5
35. Qf3 Rh7 36. Re2 Qf6 37. Rg2 Qe5 38. Re2 Qf6 39. Qg3 Rd8 40. Rg2 Rh8 41. h5
Rd5 42. Ne3 dxe3 43. Rxf6 Rdxh5 44. Kf1 1-0

[Event "Aeroflot Open 2015"]
[Site "Moscú RUS"]
[Date "2015.04.03"]
[Round "8.34"]
[White "Abdumalik, Zhansaya"]
[Black "Can, Emre"]
[Result "0-1"]
[WhiteElo "2379"]
[BlackElo "2555"]
[PlyCount "158"]
[EventDate "2015.03.27"]
[EventType "swiss"]
[EventRounds "9"]
[EventCountry "RUS"]
[Source "lmi"]
[SourceDate "2015.03.27"]

1. e4 g6 2. d4 Bg7 3. Nc3 d6 4. f4 Nf6 5. Nf3 O-O 6. Bd3 Nc6 7. e5 dxe5 8. fxe5
Nh5 9. Be3 Bg4 10. Be2 f6 11. exf6 exf6 12. Qd2 Ne7 13. Bd3 Bxf3 14. gxf3 c6
15. O-O-O f5 16. Bc4+ Nd5 17. Bh6 Qd6 18. Rhe1 Rae8 19. Bxg7 Kxg7 20. Bxd5 cxd5
21. Re5 Rxe5 22. dxe5 Qxe5 23. Nxd5 Nf6 24. Nxf6 Qxf6 25. f4 Re8 26. Qb4 Re7
27. a4 b6 28. a5 Re4 29. Qd2 Kh6 30. axb6 axb6 31. Qf2 Qe6 32. Rd3 Kg7 33. b3
Qe7 34. Qxb6 Rxf4 35. Kb2 h5 36. Rc3 Kh6 37. Qb8 Kg5 38. h3 h4 39. Rc6 Qg7+ 40.
Ka2 Rf1 41. c3 Qe7 42. Qb6 Qe8 43. Ka3 Ra1+ 44. Kb2 Re1 45. Rd6 Kh5 46. Rd8 Qe7
47. Rd2 Re3 48. Qd4 Rxh3 49. b4 Re3 50. b5 Re4 51. Qd5 Qc7 52. Rd3 Re5 53. Qf3+
Kg5 54. Rd5 Rxd5 55. Qxd5 h3 56. Kb3 Kh4 57. Qd4+ f4 58. b6 Qf7+ 59. Kb4 Kg5
60. Qg1+ Kh6 61. Qg4 Qe7+ 62. Ka4 Qe3 63. Kb5 Qd3+ 64. c4 Qb3+ 65. Kc5 Qg3 66.
Qc8 Qg1+ 67. Kb5 h2 68. b7 h1=Q 69. Qh8+ Kg5 70. Qe5+ Kg4 71. b8=Q Qb1+ 72. Kc5
Qhg1+ 73. Kc6 Qg2+ 74. Kc5 Qf2+ 75. Kc6 Qf3+ 76. Kc5 Qa3+ 77. Kd5 Qad3+ 78. Kc5
Qg1+ 79. Kb4 Qdb1+ 0-1